Identifying the priorities of tenants of social landlords (Record no. 109886)
[ view plain ]
| 000 -LEADER | |
|---|---|
| fixed length control field | 01495cad a22002655a 4500 |
| 001 - CONTROL NUMBER | |
| control field | E148113 |
| 008 - FIXED-LENGTH DATA ELEMENTS--GENERAL INFORMATION | |
| fixed length control field | 090730s2009 xxk f s000 0 eng d |
| 020 ## - INTERNATIONAL STANDARD BOOK NUMBER | |
| International Standard Book Number | 9780755976065 |
| 035 ## - SYSTEM CONTROL NUMBER | |
| System control number | (Sirsi) u148113 |
| 041 0# - LANGUAGE CODE | |
| Language code of text/sound track or separate title | eng |
| 050 04 - LIBRARY OF CONGRESS CALL NUMBER | |
| Classification number | 306.1 $2 18 |
| 100 2# - MAIN ENTRY--PERSONAL NAME | |
| Personal name | Diffley, Mark |
| 245 00 - TITLE STATEMENT | |
| Title | Identifying the priorities of tenants of social landlords |
| Medium | [electronic resource] |
| 260 ## - PUBLICATION, DISTRIBUTION, ETC. | |
| Place of publication, distribution, etc. | Edinburgh |
| Name of publisher, distributor, etc. | Scottish Government Social Research |
| Date of publication, distribution, etc. | 2009 |
| 505 2# - FORMATTED CONTENTS NOTE | |
| Formatted contents note | Key findings summary -- Introducton and context -- Overall priorities of tenants -- Making judgements on service quality -- Communication and tenant participation -- Awareness and perceptions of the Scottish Housing Regulator -- Conclusions and implications -- Annexes |
| 520 ## - SUMMARY, ETC. | |
| Summary, etc. | Presents the results of research into the priorities of social housing tenants, to inform proposals for a Scottish Social Housing Charter and modernisation of the Scottish Housing Regulator. Found that tenants thought the provision of good quality accommodation was the highest priority, followed by a good day-to-day repairs service and dealing with anti-social behaviour. |
| 521 ## - TARGET AUDIENCE NOTE | |
| Target audience note | Advanced |
| 590 ## - LOCAL NOTE (RLIN) | |
| Local note | KA |
| 651 #4 - SUBJECT ADDED ENTRY--GEOGRAPHIC NAME | |
| Geographic name | Scotland |
| Chronological subdivision | 1999- |
| 690 ## - LOCAL SUBJECT ADDED ENTRY--TOPICAL TERM (OCLC, RLIN) | |
| Topical term or geographic name as entry element | PROPERTY-RESIDENTIAL PROPERTY-DOMESTIC RESIDENTIAL PROPERTY-HOUSING |
| 700 1# - ADDED ENTRY--PERSONAL NAME | |
| Personal name | Treanor, Stephen |
| 700 1# - ADDED ENTRY--PERSONAL NAME | |
| Personal name | Pawson, Hal |
| Titles and other words associated with a name | Professor |
| 856 40 - ELECTRONIC LOCATION AND ACCESS | |
| Uniform Resource Identifier | <a href="https://www.scotland.gov.uk/Publications/2009/07/23173456/0">https://www.scotland.gov.uk/Publications/2009/07/23173456/0</a> |
| Public note | View the report free of charge at www.scotland.gov.uk... |
| 942 ## - ADDED ENTRY ELEMENTS (KOHA) | |
| Suppress in OPAC | 0 |
| Withdrawn status | Lost status | Source of classification or shelving scheme | Damaged status | Not for loan | Home library | Current library | Shelving location | Date acquired | Total Checkouts | Full call number | Barcode | Date last seen | Copy number | Price effective from | Koha item type |
|---|---|---|---|---|---|---|---|---|---|---|---|---|---|---|---|
| Dewey Decimal Classification | Virtual | Virtual | Online | 30/07/2009 | ONLINE PUBLICATION | 148113-2001 | 06/08/2019 | 1 | 06/08/2019 | Book |